01242cam a22002654a 450000100090000000300040000900500170001300800410003001000170007102000290008802000260011704000180014304200080016105000160016908200220018510000270020724500650023425000150029926000470031430000260036150400640038750504140045165000340086585600770089913242776OSt20210302115807.0030618s2003 flu b 001 0 eng  a 2003014061 a1591851726 (trade paper) z9781418514457 (ebook) aDLCcDLCdDLC apcc00aBT123bK33A00a234/.13222bK33A1 aKendall, R. T.,d1935-14aThe anointing :byesterday, today, tomorrow /cR.T. Kendall. a[New ed.]. aLake Mary, Fla. :bCharisma House,cc2003. axxi, 199 p. ;c23 cm. aIncludes bibliographical references (p. 193-194) and index.0 aThe anointing -- Accepting our anointing -- The limits of our anointing -- Yesterday's anointing -- Yesterday's man or woman -- When success comes too soon -- The stigma of the anointing -- Moving outside our comfort zone -- Today's man or woman -- The loneliness of anointing -- The secret anointing -- Tomorrow's man or woman -- Openness to God's Word -- Openness to the Holy Spirit -- Tomorrow's anointing. 0aAnointing of the Holy Spirit.413Table of contentsuhttp://www.loc.gov/catdir/toc/ecip045/2003014061.html